000 01408nam a2200361 i 4500
001 000047552
003 DO-SdBNP
005 20251029112526.0
007 ta
008 150206s2006 dr ac r 000 0 spa d
020 _a9993430943
040 _aDO-SdBNP
_bspa
_cBNPHU
_erda
041 _aspa
082 4 _aRD860.8
_bC744o 2005
_222
111 2 _aConcurso de Arte y Literatura Bancentral
_n(9 :
_d2005 :
_cSanto Domingo, República Dominicana)
_975189
245 1 0 _aObras premiadas del noveno concurso de Arte y Literatura Bancentral 2005.
264 _aSanto Domingo :
_bBanco Central de la República Dominicana,
_c2006.
300 _a[104] páginas :
_bilustraciones retratos ;
_c24 cm.
336 _ardacontent
_btexto
_2txt
337 _ardamedia
_bsin mediación
_2n
338 _ardacarrier
_bvolumen
_2nc
490 1 _aColección Banco Central de la República Dominicana ;
_v89 ;
490 1 _aObras premiadas ;
_v9 ;
590 _aInventariado, 2018/YL
650 4 _aCuentos dominicanos
_ySIGLO XXI
_943522
650 4 _aCertámenes literarios
_ySIGLO XXI
_943523
650 0 _aLiteratura dominicana
_ySiglo XXI
_943524
650 4 _aPremios literarios
_ySIGLO XXI
_943525
650 4 _aArte y literatura
_ySIGLO XXI
_975187
830 0 _aColección Banco Central de la República Dominicana ;
_v89
_pObras premiadas
_n9
_975190
910 _aValidado. Control de calidad MFF
942 _2ddc
_cLBS1
999 _c47040
_d47040